Zavedení jednotné evropské měny podle Zelené knihy Evropské komise
V máji 1995 bola publikovaná Zelená kniha Európskej komisie, ktorá obsahuje konkretizáciu časového postupu zavedenia jednotnej európskej meny v súlade s Maastrichtskou zmluvou. Štruktúra Zelenej knihy. Tri fázy procesu zmien Európskeho menového systému a ich analýza.
Salvato in:
| Natura: | Capitolo di libro |
|---|---|
| Lingua: | ceco |
| Soggetti: | |
| Tags: |
Nessun Tag, puoi essere il primo ad aggiungerne!!
|
MARC
| LEADER | 00000naa a2200000 4500 | ||
|---|---|---|---|
| 001 | r018704 | ||
| 005 | 20221205101721.6 | ||
| 041 | 0 | |a cze | |
| 044 | |a CZ | ||
| 245 | 1 | 0 | |a Zavedení jednotné evropské měny podle Zelené knihy Evropské komise |
| 520 | |a V máji 1995 bola publikovaná Zelená kniha Európskej komisie, ktorá obsahuje konkretizáciu časového postupu zavedenia jednotnej európskej meny v súlade s Maastrichtskou zmluvou. Štruktúra Zelenej knihy. Tri fázy procesu zmien Európskeho menového systému a ich analýza. | ||
| 610 | 2 | 0 | |a Európska únia |
| 610 | 2 | 0 | |a Zelená kniha |
| 610 | 2 | 0 | |a únie menové |
| 610 | 2 | 0 | |a Európska menová únia |
| 610 | 2 | 0 | |a ECU |
| 610 | 2 | 0 | |a 1995 |